Normal view
MARC view
- العلي، عادل فليح، م.مشارك محمد براء باسل ابو عنزه
Entry Personal Name
001 - CONTROL NUMBER
- control field: 62795
003 - CONTROL NUMBER IDENTIFIER
- control field: JO-AjAnu
005 - DATE AND TIME OF LATEST TRANSACTION
- control field: 20230606084244.0
008 - FIXED-LENGTH DATA ELEMENTS
- fixed length control field: 230606|| aca||aabn | a|a d
040 ## - CATALOGING SOURCE
- Original cataloging agency: JO-AjAnu
- Transcribing agency: JO-AjAnu
100 ## - HEADING--PERSONAL NAME
- Personal name: العلي، عادل فليح، م.مشارك محمد براء باسل ابو عنزه
670 ## - SOURCE DATA FOUND
- Source citation: Work cat.: (JO-AjAnu)32020: العلي، عادل فليح، م.مشارك محمد براء باسل ابو عنزه, author, أساليب البحث العلمي القانوني: الجوانب النظرية والعملية والتطبيقية